| 000 | 00855nam a2200265 i 4500 | ||
|---|---|---|---|
| 001 | 66501 | ||
| 003 | ES-MaACL | ||
| 005 | 20250803014907.0 | ||
| 007 | t| | ||
| 008 | 000324s1999 sp ||||0| spa d | ||
| 020 | _a84-921922-4-0 | ||
| 040 |
_aM-BN _bspa _cM-BN |
||
| 080 | _a929 Mayor Zaragoza, Federico (082.2) | ||
| 245 | 0 | 0 | _aHomenaje a Federico Mayor Zaragoza. |
| 260 |
_a[Madrid] : _bFundación Independiente, _c[1999] |
||
| 300 |
_a122 p. : _bil., mús. ; _c31 cm. |
||
| 490 | 1 | _aEspañoles universales | |
| 600 | 0 | 4 |
_aMayor Zaragoza, Federico, 1934- _vHomenajes _979416 |
| 610 | 2 |
_aUnesco. _96999 |
|
| 700 | 1 |
_aMayor Zaragoza, Federico, _d1934-2024 _979415 |
|
| 710 | 2 |
_aFundación Independiente (Madrid) _94325 |
|
| 830 | 0 |
_aEspañoles universales _9183014 |
|
| 852 |
_aES-MaACL _jL-26982 _bR.132678 |
||
| 999 |
_c66501 _d66501 |
||